| 000 | 00473pab a2200169 454500 | ||
|---|---|---|---|
| 008 | 180718b1997 xxu||||| |||| 00| 0 eng d | ||
| 100 | _aRich, Paul | ||
| 245 | _aNAFTA and Chiapas | ||
| 260 | _c1997 | ||
| 300 | _ap.72-84 | ||
| 362 | _aMar | ||
| 650 | _aZapatista national liberation army | ||
| 650 | _aNorth American free trade agreement | ||
| 650 | _aInternational trade | ||
| 773 | _aAnnals of the American Academy of Political and Social Science | ||
| 909 | _a36015 | ||
| 999 |
_c36015 _d36015 |
||